| 000 | 01004nam a2200241 i 4500 | ||
|---|---|---|---|
| 001 | 27476 | ||
| 003 | ES-MaACL | ||
| 005 | 20230909063059.0 | ||
| 007 | t| | ||
| 008 | 030114s1891 sp |||| | spa d | ||
| 100 | 1 |
_aAzcárate, Gumersindo de, _d1840-1917 _924243 |
|
| 245 | 1 | 0 |
_aDiscurso leído el día 10 de noviembre de 1891 en el Ateneo Científico y Literario de Madrid, con motivo de la apertura de sus cátedras _b: [tema : La cuestión del gobierno local] / _cGumersindo de Azcárate. |
| 260 |
_aMadrid : _b[s.n.], _c1891 ( _fSuc. de Rivadeneyra) |
||
| 300 |
_a107 p. ; _c25 cm. |
||
| 530 | _aDisponible en formato digital. | ||
| 610 | 2 | 4 |
_aAteneo de Madrid- _vDiscursos de apertura- _yS.XIX. _91912 |
| 650 | 4 |
_aAdministración municipal. _9135500 |
|
| 710 | 2 |
_aAteneo de Madrid. _91875 |
|
| 852 |
_aES-MaACL _jFol-Laf-74 |
||
| 852 |
_aES-MaACL _jB-1627(3) |
||
| 856 |
_uhttp://bdh-rd.bne.es/viewer.vm?id=0000086206&page=1 _zBiblioteca Digital Hispánica |
||
| 999 |
_c27476 _d27476 |
||